Quality control in food service (Record no. 19390)

MARC details
000 -LEADER
fixed length control field 00456nam a22001697a 4500
003 - CONTROL NUMBER IDENTIFIER
control field OSt
005 - DATE AND TIME OF LATEST TRANSACTION
control field 20211122101225.0
008 - FIXED-LENGTH DATA ELEMENTS--GENERAL INFORMATION
fixed length control field 211122b |||||||| |||| 00| 0 eng d
020 ## - INTERNATIONAL STANDARD BOOK NUMBER
International Standard Book Number 0-87055-431-x
040 ## - CATALOGING SOURCE
Transcribing agency Hawassa University
050 ## - LIBRARY OF CONGRESS CALL NUMBER
Classification number 642.5/THO
Item number 2
082 ## - DEWEY DECIMAL CLASSIFICATION NUMBER
Edition number 2
Classification number 642.5/THO
Item number 2
100 ## - MAIN ENTRY--PERSONAL NAME
Personal name Thorner Edward Marvin
9 (RLIN) 19689
245 ## - TITLE STATEMENT
Title Quality control in food service
260 ## - PUBLICATION, DISTRIBUTION, ETC.
Place of publication, distribution, etc. USA
Name of publisher, distributor, etc. AVI Publishing Company
Date of publication, distribution, etc. 1983
942 ## - ADDED ENTRY ELEMENTS (KOHA)
Source of classification or shelving scheme Dewey Decimal Classification
Koha item type Books like text book referance book
Suppress in OPAC No
Holdings
Withdrawn status Lost status Source of classification or shelving scheme Damaged status Not for loan Home library Current library Date acquired Total Checkouts Full call number Barcode Date last seen Copy number Price effective from Koha item type
    Dewey Decimal Classification     College of Agriculture Library College of Agriculture Library 11/22/2021   642.5/THO ALIB0005457 11/22/2021 1 11/22/2021 Books like text book referance book
    Dewey Decimal Classification     College of Agriculture Library College of Agriculture Library 11/22/2021   642.5/THO ALIB0005458 11/22/2021 2 11/22/2021 Books like text book referance book